Pays limitrophes de la France - Statistiques

Statistiques générales
  • Ce quiz a été pris 301 fois
    250 depuis la dernière actualisation
  • Le résultat moyen est 10 sur 11
Statistiques - réponses
Taille de la frontière (km) Réponse % Correct
620 Belgique
100%
623 Espagne
98%
515 Italie
98%
572 Suisse
97%
73 Luxembourg
96%
451 Allemagne
95%
55 Andorre
89%
6 Monaco
87%
730 (outre mer) Brésil
85%
610 (outre mer) Suriname
67%
10 (outre mer) Pays-bas
49%
Aucun quiz correspondant
Distribution des résultats
% des personnes avec chaque résultat
Percentile par nombre de réponses
Votre historique - résultats
Vous n’avez pas pris ce quiz depuis la dernière actualisation